| 000 | 00832nam a22002777a 4500 | ||
|---|---|---|---|
| 001 | 389313 | ||
| 003 | DO-SdBNP | ||
| 005 | 20180315114635.0 | ||
| 007 | 389313 | ||
| 008 | 931220s1993 sp | |||| ||spa | ||
| 016 | 7 | _2BPSMU | |
| 020 | _a8481300128 | ||
| 040 |
_aBPSMU _bspa _cBPSMU |
||
| 082 | _2A863.6 | ||
| 100 | 1 |
_aCortázar, Julio _d1914-1984 |
|
| 245 | 1 | 4 |
_aLas armas secretas y otros relatos / _cJulio Cortázar |
| 260 |
_aBarcelona : _bPrimera Plana, _c1993 |
||
| 300 |
_a93 p.: _c21 cm. |
||
| 490 |
_aGrandes autores. Biblioteca de literatura universal _v14 |
||
| 650 | _2CUENTOS ARGENTINOS. | ||
| 650 |
_2VIDA COTIDIANA _vCUENTOS |
||
| 830 |
_pGrandes autores. Biblioteca de literatura universal _v14 |
||
| 942 |
_2ddc _cBK |
||
| 945 | _ainventariado, 2018 / dg | ||
| 956 |
_aVMATEO _210 _320151119 _6BPMSU _800151 |
||
| 999 |
_c8811 _d8811 |
||